[Event "Eurasia Cup op"]
[Site "Ekaterinburg"]
[Date "2019.08.06"]
[Round "6"]
[White "Eliseev, Mikhail"]
[Black "Savitskiy, Sergey"]
[Result "0-1"]
[WhiteElo "2173"]
[BlackElo "2418"]
[PlyCount "68"]
[EventDate "2019.07.31"]
[EventType "swiss"]
[EventRounds "9"]
[EventCountry "RUS"]
[SourceTitle "CBM 191 Extra"]
[Source "ChessBase"]
[SourceDate "2019.09.30"]
[SourceVersion "1"]
[SourceVersionDate "2019.09.30"]
[SourceQuality "1"]

1. e4 c5 2. c4 Nc6 3. Nc3 g6 4. g3 Bg7 5. Bg2 Nf6 6. Nge2 0-0 7. d3 Ne8 8. h4 h5 9. g4 hxg4 10. h5 Nf6 11. Ng3 d6 12. Be3 Ne5 13. Qd2 Be6 14. Bg5 Nh7 15. hxg6 Nxg5 16. Qxg5 fxg6 17. Qe3 b5 18. cxb5 a6 19. bxa6 Rxa6 20. Nge2 c4 21. Rd1 cxd3 22. Rxd3 Nxd3+ 23. Qxd3 Qb6 24. 0-0 Ra5 25. Nd5 Bxd5 26. exd5 Qxb2 27. Ng3 Rxa2 28. Ne4 Qe5 29. Ng3 Qf6 30. Ne4 Qf4 31. Qb1 Rb2 32. Qd3 Be5 33. Ng3 Kg7 34. Re1 Qxf2+ 0-1

[Event "Eurasia Cup op"]
[Site "Ekaterinburg"]
[Date "2019.08.05"]
[Round "5"]
[White "Bublei, Pavel"]
[Black "Eliseev, Mikhail"]
[Result "1-0"]
[WhiteElo "2353"]
[BlackElo "2173"]
[PlyCount "121"]
[EventDate "2019.07.31"]
[EventType "swiss"]
[EventRounds "9"]
[EventCountry "RUS"]
[SourceTitle "CBM 191 Extra"]
[Source "ChessBase"]
[SourceDate "2019.09.30"]
[SourceVersion "1"]
[SourceVersionDate "2019.09.30"]
[SourceQuality "1"]

1. d4 Nf6 2. c4 e6 3. Nf3 Bb4+ 4. Nbd2 0-0 5. a3 Be7 6. e4 d6 7. Bd3 a5 8. 0-0 Nc6 9. b3 e5 10. Bb2 Re8 11. Re1 g6 12. d5 Nb8 13. c5 Nh5 14. Bf1 Na6 15. b4 Bg4 16. Qb3 Bf8 17. Nc4 axb4 18. axb4 Bxf3 19. Qxf3 Nxb4 20. Rxa8 Qxa8 21. cxd6 cxd6 22. Qb3 Na6 23. Ba3 Rd8 24. Qb6 Qb8 25. Na5 Qc7 26. Rb1 Nf6 27. Nxb7 Ra8 28. Bxa6 Qxb6 29. Rxb6 Nd7 30. Rc6 Nb8 31. Rc3 Rxa6 32. g3 Rb6 33. Na5 Kg7 34. Kg2 Ra6 35. Bb4 Rb6 36. Ba3 Ra6 37. Nb7 Rb6 38. Nd8 Ra6 39. Rc8 Rxa3 40. Rxb8 Ra7 41. h4 h5 42. Nc6 Rd7 43. f4 exf4 44. gxf4 Be7 45. Nxe7 Rxe7 46. e5 Rd7 47. Rb5 Kf8 48. Kf3 Ke7 49. Ke4 Ra7 50. exd6+ Kxd6 51. Rb6+ Kd7 52. Ke5 Ke7 53. Rc6 Kd7 54. Rd6+ Ke7 55. Rb6 Kd7 56. Rc6 Ke7 57. Rc7+ Rxc7 58. d6+ Kd7 59. dxc7 Kxc7 60. Kf6 Kd6 61. Kxf7 1-0

[Event "Eurasia Cup op"]
[Site "Ekaterinburg"]
[Date "2019.08.03"]
[Round "4"]
[White "Eliseev, Mikhail"]
[Black "Fonyak, Marina"]
[Result "1-0"]
[WhiteElo "2173"]
[BlackElo "1743"]
[PlyCount "65"]
[EventDate "2019.07.31"]
[EventType "swiss"]
[EventRounds "9"]
[EventCountry "RUS"]
[SourceTitle "CBM 191 Extra"]
[Source "ChessBase"]
[SourceDate "2019.09.30"]
[SourceVersion "1"]
[SourceVersionDate "2019.09.30"]
[SourceQuality "1"]

1. e4 c5 2. c4 Nc6 3. Nc3 d6 4. g3 g6 5. Bg2 Bg7 6. Nge2 e6 7. d3 Nge7 8. h4 h5 9. Bg5 Ne5 10. a3 f6 11. Be3 N7c6 12. Rb1 a6 13. b4 b5 14. 0-0 bxc4 15. dxc4 cxb4 16. axb4 Nxc4 17. e5 d5 18. exf6 Bxf6 19. Nxd5 exd5 20. Bxd5 N6e5 21. Bxa8 Qxd1 22. Rfxd1 Bg4 23. Re1 Bf3 24. Bxf3 Nxf3+ 25. Kg2 Nxe1+ 26. Rxe1 Nxe3+ 27. fxe3 Kf7 28. Rc1 Be5 29. Kf3 Rb8 30. Rc4 Bd6 31. Rc6 Bxb4 32. Rxa6 Rd8 33. Nf4 1-0

[Event "Eurasia Cup op"]
[Site "Ekaterinburg"]
[Date "2019.08.01"]
[Round "2"]
[White "Eliseev, Mikhail"]
[Black "Popov, Mikhail"]
[Result "0-1"]
[WhiteElo "2173"]
[BlackElo "2397"]
[PlyCount "70"]
[EventDate "2019.07.31"]
[EventType "swiss"]
[EventRounds "9"]
[EventCountry "RUS"]
[SourceTitle "CBM 191 Extra"]
[Source "ChessBase"]
[SourceDate "2019.09.30"]
[SourceVersion "1"]
[SourceVersionDate "2019.09.30"]
[SourceQuality "1"]

1. e4 c5 2. Nc3 d6 3. f4 g6 4. Nf3 Bg7 5. Bb5+ Bd7 6. Bc4 Nc6 7. 0-0 Nd4 8. Nxd4 cxd4 9. Ne2 e6 10. d3 Ne7 11. Bb3 0-0 12. Qe1 b5 13. Bd2 a5 14. a3 Nc6 15. Ng3 Qh4 16. a4 b4 17. Bc4 Rae8 18. Qf2 f5 19. Bb5 Nb8 20. exf5 gxf5 21. Qf3 Rc8 22. Rfc1 Rc5 23. Qb7 Qd8 24. Ne2 Bc6 25. Bxc6 Nxc6 26. c3 Rf7 27. Qa6 Ra7 28. Qxa7 Nxa7 29. cxb4 axb4 30. Bxb4 Rxc1+ 31. Rxc1 Qb6 32. Ba3 Qa6 33. Rc4 d5 34. Rc7 Qxd3 35. Ng3 Qe3+ 0-1

[Event "Voronezh op-B 23rd"]
[Site "Voronezh"]
[Date "2019.06.19"]
[Round "8"]
[White "Eliseev, Mikhail"]
[Black "Stepochkin, Fedor"]
[Result "1-0"]
[WhiteElo "2169"]
[BlackElo "1929"]
[PlyCount "59"]
[EventDate "2019.06.12"]
[EventType "swiss"]
[EventRounds "9"]
[EventCountry "RUS"]
[SourceTitle "CBM 191 Extra"]
[Source "ChessBase"]
[SourceDate "2019.09.30"]
[SourceVersion "1"]
[SourceVersionDate "2019.09.30"]
[SourceQuality "1"]

1. e4 e6 2. d4 d5 3. Nc3 Bb4 4. e5 c5 5. Bd2 Ne7 6. Nb5 Bxd2+ 7. Qxd2 0-0 8. f4 Bd7 9. dxc5 Bxb5 10. Bxb5 a6 11. Bd3 Nd7 12. Nf3 Nxc5 13. 0-0-0 f6 14. exf6 Rxf6 15. Kb1 Qc7 16. g3 h6 17. Rhe1 Rc8 18. Ne5 Nf5 19. g4 Nd6 20. g5 hxg5 21. fxg5 Nxd3 22. cxd3 Rf5 23. g6 Nb5 24. Rc1 Qb8 25. Rxc8+ Qxc8 26. Qe3 Rh5 27. Qf3 Rxh2 28. Rc1 Qd8 29. Qf7+ Kh8 30. Qxe6 1-0

[Event "Voronezh op-B 23rd"]
[Site "Voronezh"]
[Date "2019.06.18"]
[Round "7"]
[White "Natarov, Ilya"]
[Black "Eliseev, Mikhail"]
[Result "0-1"]
[WhiteElo "2045"]
[BlackElo "2169"]
[PlyCount "144"]
[EventDate "2019.06.12"]
[EventType "swiss"]
[EventRounds "9"]
[EventCountry "RUS"]
[SourceTitle "EXT 2020"]
[Source "ChessBase"]
[SourceDate "2019.10.17"]
[SourceVersion "1"]
[SourceVersionDate "2019.10.17"]
[SourceQuality "1"]

1. d4 Nf6 2. c4 e6 3. g3 Bb4+ 4. Bd2 Qe7 5. Bg2 Nc6 6. e3 0-0 7. a3 Bxd2+ 8. Nxd2 d6 9. Ne2 e5 10. d5 Nb8 11. Qc2 a5 12. Nc3 Na6 13. 0-0 Bd7 14. Rab1 Rfb8 15. Rfc1 h5 16. Nf3 Bg4 17. b4 g6 18. h3 Bxf3 19. Bxf3 Kg7 20. h4 Nd7 21. Ne4 b6 22. Ng5 Nf6 23. Qc3 axb4 24. axb4 Ra7 25. Ra1 Rba8 26. Ra3 Nb8 27. Rca1 Rxa3 28. Rxa3 Rxa3 29. Qxa3 Nbd7 30. Qa7 Qd8 31. Bg2 Qb8 32. Qa4 Nf8 33. Bh3 N6h7 34. Ne4 f5 35. Nc3 Nf6 36. Qc6 Qd8 37. Nb5 Ne8 38. e4 Kf6 39. exf5 gxf5 40. c5 bxc5 41. bxc5 Qd7 42. cxd6 cxd6 43. Qb6 Ng6 44. Bf1 e4 45. Qe3 Kf7 46. Qg5 Ng7 47. Nd4 Qe7 48. Qd2 f4 49. gxf4 Qxh4 50. Nb5 Nf5 51. Qc2 Nxf4 52. Qc7+ Qe7 53. Qxe7+ Kxe7 54. Nc3 Kf6 55. Nxe4+ Ke5 56. f3 Nxd5 57. Kf2 Nf4 58. Ng5 d5 59. Nh3 Nxh3+ 60. Bxh3 Kf4 61. Bf1 h4 62. Bb5 d4 63. Bd3 Nd6 64. Bf1 Nf7 65. Kg2 Ng5 66. Be2 Ke3 67. Bd1 d3 68. Kh2 Kf4 69. Kg2 h3+ 70. Kh2 d2 71. Ba4 Kxf3 72. Bd1+ Kf2 0-1

[Event "Voronezh op-B 23rd"]
[Site "Voronezh"]
[Date "2019.06.17"]
[Round "6"]
[White "Eliseev, Mikhail"]
[Black "Chuklin, Ivan"]
[Result "1-0"]
[WhiteElo "2169"]
[BlackElo "1978"]
[PlyCount "55"]
[EventDate "2019.06.12"]
[EventType "swiss"]
[EventRounds "9"]
[EventCountry "RUS"]
[SourceTitle "CBM 191 Extra"]
[Source "ChessBase"]
[SourceDate "2019.09.30"]
[SourceVersion "1"]
[SourceVersionDate "2019.09.30"]
[SourceQuality "1"]

1. e4 c5 2. Nc3 Nc6 3. f4 g6 4. Nf3 Bg7 5. Bb5 Nd4 6. 0-0 Nxb5 7. Nxb5 d6 8. Nc3 Nf6 9. d3 b6 10. Qe1 Bb7 11. Rb1 Qd7 12. Bd2 0-0 13. Nd1 Rac8 14. Ne3 Ng4 15. f5 Nxe3 16. Bxe3 f6 17. fxg6 hxg6 18. Qg3 g5 19. h4 gxh4 20. Nxh4 e6 21. Ng6 Rf7 22. Rf4 f5 23. Rbf1 c4 24. exf5 exf5 25. Nh4 Rcf8 26. Bd4 Qc6 27. Rxf5 Qd7 28. Bxg7 1-0

[Event "Voronezh op-B 23rd"]
[Site "Voronezh"]
[Date "2019.06.12"]
[Round "1"]
[White "Gurskiy, Dmitriy"]
[Black "Eliseev, Mikhail"]
[Result "0-1"]
[WhiteElo "1738"]
[BlackElo "2169"]
[PlyCount "138"]
[EventDate "2019.06.12"]
[EventType "swiss"]
[EventRounds "9"]
[EventCountry "RUS"]
[SourceTitle "CBM 191 Extra"]
[Source "ChessBase"]
[SourceDate "2019.09.30"]
[SourceVersion "1"]
[SourceVersionDate "2019.09.30"]
[SourceQuality "1"]

1. e4 c5 2. Nf3 g6 3. d4 cxd4 4. Nxd4 Nc6 5. Be3 Bg7 6. c4 Nf6 7. Nc3 0-0 8. Be2 a5 9. Qd2 a4 10. 0-0 d6 11. f3 Bd7 12. Rab1 Qa5 13. Rfd1 Nxd4 14. Bxd4 Bc6 15. Bf1 Nd7 16. Bxg7 Kxg7 17. Qd4+ Kg8 18. Rd2 Qb4 19. b3 axb3 20. axb3 Ra3 21. Na2 Qc5 22. Nc1 Rfa8 23. Ne2 Ra1 24. Rdb2 Rxb1 25. Rxb1 Ne5 26. Qxc5 dxc5 27. Nf4 Ra2 28. b4 cxb4 29. Rxb4 e6 30. Ne2 g5 31. Nd4 Rd2 32. c5 Nd7 33. Rc4 Kg7 34. Nb3 Rb2 35. Rc3 Kf6 36. Na5 Ra2 37. Nxb7 Bxb7 38. c6 Bxc6 39. Rxc6 Ne5 40. Rc3 h5 41. g3 Ng6 42. Rc5 h4 43. Bg2 Rd2 44. Ra5 Ne5 45. Ra3 Rc2 46. Ra1 Nc4 47. Re1 Ke5 48. Bf1 Nd2 49. Bg2 h3 50. Bh1 Nc4 51. Rd1 Nb2 52. Rf1 Nd3 53. Rd1 Kd4 54. f4 gxf4 55. gxf4 Ke3 56. f5 e5 57. Rf1 Rf2 58. Ra1 Rb2 59. Rf1 Rb8 60. Ra1 Ke2 61. Ra2+ Nb2 62. Ra3 Nd3 63. Ra2+ Rb2 64. Ra1 Rc2 65. Rf1 Ra2 66. Bf3+ Ke3 67. Bh1 Ra8 68. Rf3+ Ke2 69. Rxh3 Ra1+ 0-1

[Event "RUS-ch Eurasia Cup op"]
[Site "Ekaterinburg"]
[Date "2018.08.10"]
[Round "9"]
[White "Eliseev, Mikhail"]
[Black "Kuzmin, Roman"]
[Result "0-1"]
[WhiteElo "2179"]
[BlackElo "1985"]
[PlyCount "52"]
[EventDate "2018.08.01"]
[EventType "swiss"]
[EventRounds "9"]
[EventCountry "RUS"]
[SourceTitle "CBM 185 Extra"]
[Source "ChessBase"]
[SourceDate "2018.07.29"]
[SourceVersion "1"]
[SourceVersionDate "2018.07.29"]
[SourceQuality "1"]

1. e4 e5 2. Nf3 Nc6 3. d4 exd4 4. Bc4 Nf6 5. e5 d5 6. Bb5 Ne4 7. Nxd4 Bc5 8. Be3 0-0 9. Bxc6 bxc6 10. Nd2 Bxd4 11. Bxd4 Qg5 12. Nxe4 dxe4 13. Qd2 Qxg2 14. 0-0-0 Be6 15. Rdg1 Qf3 16. Qg5 g6 17. Bc5 Rfe8 18. Be7 Qf5 19. Qxf5 Bxf5 20. Bf6 Rab8 21. Rg3 Rb5 22. Ra3 a5 23. b3 Ra8 24. Ra4 Rd5 25. Rc4 c5 26. Rc3 Ra6 0-1

[Event "RUS-ch Eurasia Cup op"]
[Site "Ekaterinburg"]
[Date "2018.08.09"]
[Round "8"]
[White "Dilmukhametov, Artur"]
[Black "Eliseev, Mikhail"]
[Result "1-0"]
[WhiteElo "2354"]
[BlackElo "2179"]
[PlyCount "85"]
[EventDate "2018.08.01"]
[EventType "swiss"]
[EventRounds "9"]
[EventCountry "RUS"]
[SourceTitle "CBM 185 Extra"]
[Source "ChessBase"]
[SourceDate "2018.07.29"]
[SourceVersion "1"]
[SourceVersionDate "2018.07.29"]
[SourceQuality "1"]

1. e4 c5 2. c3 g6 3. d4 cxd4 4. cxd4 d5 5. exd5 Nf6 6. Nc3 Bg7 7. Bb5+ Nbd7 8. d6 exd6 9. Qe2+ Kf8 10. Nf3 a6 11. Bc4 h6 12. Bf4 Nb6 13. Bb3 Bf5 14. 0-0 Qd7 15. d5 Re8 16. Qd2 Kg8 17. a4 Ne4 18. Nxe4 Rxe4 19. a5 Nc4 20. Bxc4 Rxc4 21. Rac1 Re4 22. Be3 Kh7 23. Nd4 Rhe8 24. Rc4 R4e5 25. Nxf5 Qxf5 26. Rd1 R8e7 27. h3 h5 28. Rb4 Rc7 29. Rb6 Bf8 30. Qd3 Qe4 31. Qb3 Bh6 32. Rxb7 Bxe3 33. Rxc7 Rg5 34. g4 Qf3 35. Rxf7+ Qxf7 36. Qxe3 Rxd5 37. Rxd5 Qxd5 38. Qa7+ Kh6 39. Qxa6 hxg4 40. hxg4 Qd1+ 41. Kh2 d5 42. Qe6 d4 43. a6 1-0

[Event "RUS-ch Eurasia Cup op"]
[Site "Ekaterinburg"]
[Date "2018.08.03"]
[Round "3"]
[White "Eliseev, Mikhail"]
[Black "Matskevich, Ivan"]
[Result "1-0"]
[WhiteElo "2179"]
[BlackElo "1972"]
[PlyCount "49"]
[EventDate "2018.08.01"]
[EventType "swiss"]
[EventRounds "9"]
[EventCountry "RUS"]
[SourceTitle "CBM 185 Extra"]
[Source "ChessBase"]
[SourceDate "2018.07.29"]
[SourceVersion "1"]
[SourceVersionDate "2018.07.29"]
[SourceQuality "1"]

1. e4 c5 2. Nc3 d6 3. f4 Nc6 4. Nf3 g6 5. Bb5 Bd7 6. Bxc6 Bxc6 7. 0-0 Bg7 8. d3 Nf6 9. Qe1 0-0 10. Qh4 Qd7 11. h3 Ne8 12. Bd2 Nc7 13. Rae1 Ne6 14. f5 Nd4 15. Nxd4 cxd4 16. Nd1 Ba4 17. b3 Bb5 18. Bh6 Bf6 19. Bg5 Bxg5 20. Qxg5 Rac8 21. Re2 Kh8 22. f6 e6 23. Rf4 Rg8 24. Rh4 Rc5 25. e5 1-0